Loading...
| Fine Arts - Classical Music | 2 | 5 | 0 | 0 | 80 | 33 | 94.29 | 3 | 7 |
| Philosophy | 1 | 4 | 0 | 0 | 55 | 67 | 101.00 | 3 | 5 |
| Fine Arts - Other Fine Arts | 1 | 3 | 0 | 1 | 45 | 72 | 123.25 | 3 | 4 |
| Literature - Poetry | 1 | 3 | 0 | 1 | 45 | 87 | 126.25 | 3 | 4 |
| History - European History | 2 | 1 | 0 | 0 | 40 | 67 | 83.00 | 0 | 3 |
| Literature - Long Fiction | 1 | 2 | 0 | 0 | 35 | 62 | 115.33 | 2 | 3 |
| Social Science | 1 | 2 | 1 | 1 | 30 | 39 | 112.33 | 2 | 3 |
| History - Other History | 1 | 1 | 0 | 0 | 25 | 56 | 77.50 | 2 | 2 |
| Literature - Misc Literature | 1 | 1 | 0 | 0 | 25 | 62 | 102.50 | 1 | 2 |
| Fine Arts - Painting and Sculpture | 0 | 2 | 0 | 1 | 20 | 104 | 133.00 | 1 | 2 |
| Current Events | 1 | 0 | 0 | 0 | 15 | 38 | 38.00 | 1 | 1 |
| Religion | 1 | 0 | 0 | 0 | 15 | 75 | 75.00 | 1 | 1 |
| Mythology | 0 | 1 | 0 | 1 | 10 | 132 | 132.00 | 0 | 1 |
| Geography | 0 | 1 | 0 | 0 | 10 | 111 | 111.00 | 0 | 1 |
| History - World History | 0 | 1 | 0 | 1 | 10 | 142 | 142.00 | 0 | 1 |
| Literature - Short Fiction | 0 | 1 | 1 | 0 | 5 | 131 | 131.00 | 0 | 1 |
| History - American History | 0 | 0 | 1 | 0 | -5 | 0.00 | 0 | 0 |